Programmable controllers : (Record no. 183976)

000 -LEADER
fixed length control field 00895 a2200217 4500
003 - CONTROL NUMBER IDENTIFIER
control field Nust
005 - DATE AND TIME OF LATEST TRANSACTION
control field 20221229191051.0
010 ## - LIBRARY OF CONGRESS CONTROL NUMBER
LC control number 92030189
020 ## - INTERNATIONAL STANDARD BOOK NUMBER
International Standard Book Number 0750604980 :?25.00
040 ## - CATALOGING SOURCE
Transcribing agency Nust
082 00 - DEWEY DECIMAL CLASSIFICATION NUMBER
Classification number 621.3981,PAR
100 1# - MAIN ENTRY--PERSONAL NAME
Personal name Parr, E. A.
9 (RLIN) 41871
245 10 - TITLE STATEMENT
Title Programmable controllers :
Remainder of title an engineer's guide /
Statement of responsibility, etc. E.A. Parr.
250 ## - EDITION STATEMENT
Edition statement 2nd ed.
260 ## - PUBLICATION, DISTRIBUTION, ETC.
Place of publication, distribution, etc. Oxford ;
-- Boston :
Name of publisher, distributor, etc. Newnes,
Date of publication, distribution, etc. 1993.
300 ## - PHYSICAL DESCRIPTION
Extent x, 325 p. :
Other physical details ill. ;
Dimensions 24 cm.
500 ## - GENERAL NOTE
General note Includes index.
505 ## - FORMATTED CONTENTS NOTE
Formatted contents note Computers and Industrial (Page-1), Programming Techniques (Page-35), Programming Style (Page-108), Analog Signals Closed Loops Control and Intelligent Modules (Page-129), Distributed Systems (Page-172), The Man Machine Interface (Page-223), Industrial Control with Conventional Computers (Page-263), Practical Aspects (Page-280).
650 #0 - SUBJECT ADDED ENTRY--TOPICAL TERM
Topical term or geographic name entry element Programmable controllers.
942 ## - ADDED ENTRY ELEMENTS (KOHA)
Source of classification or shelving scheme
Koha item type Book
Holdings
Withdrawn status Lost status Source of classification or shelving scheme Damaged status Not for loan Permanent Location Current Location Shelving location Date acquired Full call number Barcode Date last seen Price effective from Koha item type Public note
          Military College of Signals (MCS) Military College of Signals (MCS) General Stacks 12/12/2016 621.3981,PAR MCS28117 12/08/2016 12/12/2016 Book Almirah No.40, Shelf No.6
© 2023 Central Library, National University of Sciences and Technology. All Rights Reserved.